Hechos a pulso : (Registro nro. 15400)
[ vista simple ]
| 000 -LEADER | |
|---|---|
| fixed length control field | 01009nam a22002177a 4500 |
| 003 - CONTROL NUMBER IDENTIFIER | |
| control field | OSt |
| 005 - DATE AND TIME OF LATEST TRANSACTION | |
| control field | 20210316142726.0 |
| 008 - FIXED-LENGTH DATA ELEMENTS--GENERAL INFORMATION | |
| fixed length control field | 210316s2009 ck ao||gr|||| 00| 0 spa d |
| 020 ## - INTERNATIONAL STANDARD BOOK NUMBER | |
| International Standard Book Number | 9789589925607 |
| 040 ## - CATALOGING SOURCE | |
| Original cataloging agency | CO-JMCR |
| Transcribing agency | CO-JMCR |
| 041 1# - LANGUAGE CODE | |
| Language code of text/sound track or separate title | spa |
| 082 04 - DEWEY DECIMAL CLASSIFICATION NUMBER | |
| Classification number | 338.00986 / |
| Item number | C721h |
| Edition number | 23 |
| 110 2# - MAIN ENTRY--CORPORATE NAME | |
| Corporate name or jurisdiction name as entry element | Colpatria |
| 9 (RLIN) | 36180 |
| 245 10 - TITLE STATEMENT | |
| Title | Hechos a pulso : |
| Remainder of title | rostros de la Colombia productiva / |
| Statement of responsibility, etc. | Colpatria |
| 260 ## - PUBLICATION, DISTRIBUTION, ETC. | |
| Place of publication, distribution, etc. | Bogotá : |
| Name of publisher, distributor, etc. | Una tinta medios, |
| Date of publication, distribution, etc. | 2009 |
| 300 ## - PHYSICAL DESCRIPTION | |
| Extent | 127 páginas : |
| Other physical details | ilustraciones y fotografías a color ; |
| Dimensions | 29 cm. |
| 505 0# - FORMATTED CONTENTS NOTE | |
| Formatted contents note | El proceso de la construcción a través de sus protagonistas -- Creadores de obras de impacto, grandes proyectos de infraestructura -- Forjadores de ciudades, Proyectos urbanos -- Construcción de hogares, Sueños de vivienda -- Artífices de calidad de vida, Espacios vanguardistas -- Edificadores de futuro, Arquitectura verde |
| 650 14 - SUBJECT ADDED ENTRY--TOPICAL TERM | |
| Topical term or geographic name entry element | Construcción |
| Geographic subdivision | Colombia |
| 9 (RLIN) | 36181 |
| 650 24 - SUBJECT ADDED ENTRY--TOPICAL TERM | |
| General subdivision | Construcción |
| Topical term or geographic name entry element | Inversiones privadas |
| 9 (RLIN) | 36182 |
| 942 ## - ADDED ENTRY ELEMENTS (KOHA) | |
| Source of classification or shelving scheme | Dewey Decimal Classification |
| Koha item type | Books |
| Withdrawn status | Lost status | Source of classification or shelving scheme | Damaged status | Not for loan | Home library | Current library | Shelving location | Date acquired | Source of acquisition | Total Checkouts | Full call number | Barcode | Date last seen | Copy number | Price effective from | Koha item type |
|---|---|---|---|---|---|---|---|---|---|---|---|---|---|---|---|---|
| Dewey Decimal Classification | Biblioteca Pública José María del Castillo y Rada | Biblioteca Pública José María del Castillo y Rada | General Stacks | Donación | 338.00986 / C721h | 201810851 | 05/16/2024 | Ej.1 | Books |